000 01142njm a22002897a 4500
005 20100918123221.0
006 a|||||r|||||00| 0
007 sd ammalaaahaa
008 100907t xxu||||| |||| 00| 0 eng d
028 _aECLP. 5639
035 _aGR-03886
100 _aMukesh
_918693
245 _aMany more memories: Mukesh /
_cby Mukesh ; music byShankar jaikishan; lyric by Shailendra
_h[Sound recording]
246 _aमानी मोरे मेमोरिएस ऑफ़ मुकेश /मुकेश द्वारा
260 _aDum Dum, India
_bHis Master's Voice
_c1984
300 _a1 sound disc [Gramophone Recording]
_banalog, 33 1/3rpm ;
_c12 in. (LP)
_fGramaphone Records
500 _aBrief record
500 _aRecord Lables : Socar, Red
505 _aSide-१ Mujhe mere haal par chod do Side--2 Gaaye ja geet milan ke (Mikesh)
600 _2Madhurani
650 _aGhazals
_xExcerpts
_zIndia
_918694
700 _aBadayuni, Shakeel
_920661
700 _aNaushad
_920662
700 _920746
942 _2ddc
_cGR
999 _c46933
_d46933